Normal view
MARC view
- Antenner
Entry Topical Term
001 - CONTROL NUMBER
- control field: 98047
003 - CONTROL NUMBER IDENTIFIER
- control field: NUST
005 - DATE AND TIME OF LATEST TRANSACTION
- control field: 20220818135703.0
008 - FIXED-LENGTH DATA ELEMENTS
- fixed length control field: 220818|| aca||aabn | a|a d
040 ## - CATALOGING SOURCE
- Original cataloging agency: NUST
- Transcribing agency: NUST
150 ## - HEADING--TOPICAL TERM
- Topical term or geographic name entry element: Antenner
670 ## - SOURCE DATA FOUND
- Source citation: Work cat.: (NUST)213316: Stutzman, Warren L. 98046, Antenna theory and design /, cop. 1998
